000 01446nam0a2200337 4500
001 RU\NLR\bibl\187984
005 20260406160448.0
035 _a(NLR Aleph) 000184538
090 _a1065987
_c1065987
100 _a20011002d1997 |||y0rusy50 ca
101 0 _arus
102 _aRU
105 _aa |||||||||
200 1 _aМестное самоуправление: проблемы и перспективы
_e[Сб. ст.]
_fС.-Петерб. гуманит.-политол. центр "Стратегия"
_g[Под ред. М.Б. Горного]
210 _aСПб.
_cСПб. центр "Стратегия"
_d1997
215 _a284 с.
_cил.
_d20
320 _aБиблиогр. в конце ст.
606 0 _aМестное самоуправление
_jСборники
_91468414
_3RU\NLR\auth\66314322
686 _aХ621.011.2я43
686 _aХ806.6я43
702 1 _aГорный
_bМ. Б.
_gМихаил Бениаминович
_4340
712 0 2 _4570
_a"Стратегия", гуманитарный и политологический центр
_bПетербургское отделение
_cМосква
_9359019
_3RU\NLR\AUTH\889931805
801 0 _aRU
_bNLR
_c20011002
_gPSBO
801 1 _aRU
_bNLR
_c20011002
830 _aРед. раскрыт по кн.
852 _aNLR
_j2001-3/1110
942 _cBOOK
980 _aNB